La hora del té (Record no. 2037)

MARC details
000 -CABECERA
campo de control de longitud fija 01015nam a2200277 a 4500
001 - NÚMERO DE CONTROL
campo de control BRCA_2292
005 - FECHA Y HORA DE LA ÚLTIMA TRANSACCIÓN
campo de control 20190320203739.0
008 - DATOS DE LONGITUD FIJA--INFORMACIÓN GENERAL
campo de control de longitud fija 931110s1998 mx-a---##b---#000-0#spa-d
020 ## - NÚMERO INTERNACIONAL ESTÁNDAR DEL LIBRO
Número Internacional Estándar del Libro 0863553621
041 ## - CÓDIGO DE LENGUA
Código de lengua del texto/banda sonora o título independiente spa
044 ## - CÓDIGO DEL PAÍS DE LA ENTIDAD EDITORA/PRODUCTORA
Código MARC del país mx
050 #4 - SIGNATURA TOPOGRÁFICA DE LA BIBLIOTECA DEL CONGRESO
Número de clasificación NK4695
Número de documento/Ítem .H67 1998
245 10 - MENCIÓN DE TÍTULO
Título La hora del té
Mención de responsabilidad, etc. selección y comisariado de la exposición Diana Eccles, Joanna Gutteridge ; traducción Urquijo Ana.
260 ## - PUBLICACIÓN, DISTRIBUCIÓN, ETC.
Lugar de publicación, distribución, etc. Londres
Nombre del editor, distribuidor, etc. The British Council
Fecha de publicación, distribución, etc. 1998
300 ## - DESCRIPCIÓN FÍSICA
Extensión 1 v. (sin paginación)
Otras características físicas il.
Dimensiones 17 cm.
500 ## - NOTA GENERAL
Nota general Incluye glosario de términos técnicos
500 ## - NOTA GENERAL
Nota general Catálogo de la exposición realizada en el Museo Franz Mayer (Ciudad de México), 1998
500 ## - NOTA GENERAL
Nota general 1 ejemplar en Biblioteca y 1 en Trípticos
650 14 - PUNTO DE ACCESO ADICIONAL DE MATERIA--TÉRMINO DE MATERIA
Término de materia o nombre geográfico como elemento de entrada Cerámica industrial
Subdivisión cronológica Siglo XX
Subdivisión geográfica Gran Bretaña
9 (RLIN) 6860
650 14 - PUNTO DE ACCESO ADICIONAL DE MATERIA--TÉRMINO DE MATERIA
Término de materia o nombre geográfico como elemento de entrada Monumentos históricos
Subdivisión geográfica México
9 (RLIN) 3156
650 14 - PUNTO DE ACCESO ADICIONAL DE MATERIA--TÉRMINO DE MATERIA
Término de materia o nombre geográfico como elemento de entrada Teteras
Subdivisión de forma Exposiciones
9 (RLIN) 6861
700 1# - PUNTO DE ACCESO ADICIONAL--NOMBRE DE PERSONA
Nombre de persona Eccles, Diana
9 (RLIN) 6862
700 1# - PUNTO DE ACCESO ADICIONAL--NOMBRE DE PERSONA
Nombre de persona Gutteridge, Joanna
9 (RLIN) 6863
700 1# - PUNTO DE ACCESO ADICIONAL--NOMBRE DE PERSONA
Nombre de persona Urquijo, Ana
9 (RLIN) 6864
942 ## - ELEMENTOS DE PUNTO DE ACCESO ADICIONAL (KOHA)
Fuente del sistema de clasificación o colocación Library of Congress Classification
Tipo de ítem Koha Libros
Holdings
Estado de retiro Estado de pérdida Estado dañado No para préstamo Código de colección Localización permanente Ubicación/localización actual Fecha de adquisición Total de préstamos Signatura topográfica completa Código de barras Fecha visto por última vez Precio válido a partir de Tipo de ítem Koha
El ejemplar forma parte de la colección y puede ser consultado según las políticas vigentes.       Acervo General Biblioteca del Museo Franz Mayer (Rogerio Casas-Alatriste) Biblioteca del Museo Franz Mayer (Rogerio Casas-Alatriste) 31/08/2012   NK4695 .H67 1998 00667 22/03/2019 22/03/2019 Libros
El ejemplar forma parte de la colección y puede ser consultado según las políticas vigentes.         Biblioteca del Museo Franz Mayer (Rogerio Casas-Alatriste) Biblioteca del Museo Franz Mayer (Rogerio Casas-Alatriste) 15/08/2008   NK4695 .H67 1998 01260 22/03/2019 22/03/2019 Libros